000 01296nam a2200301 i 4500
003 EG-GICUC
005 20260409163821.0
008 260409s1989 su do||fr|||| 000 0 ara d
040 _a EG-GICUC
_bara
_c EG-GICUC
_d EG-GICUC
_erda
041 0 _aara
082 0 4 _221
_a343.432
_bا د
092 0 4 _221
099 _aLaw1 10 343.432 ا د 1989
245 0 0 _aادارة المرور.
264 1 _aالرياض :
_bالمركز العربي للدراسات الأمنية والتدريب،
_c1889.
300 _a147 صفحة، صفحات غير مرقمة :
_bجداول، رسوم بيانية، صور فوتوغرافية ؛
_c24 سم.
336 _2rda content
_atext
337 _2rda media
_aComputer
338 _2rda carrier
_aOnline Resource
500 _aأبحاث الندوة العلمية العشرين والتي عقدت بمقر المركز في الفتره من 25-27 جمادى الآخر 1407ه الموافق 23-25 فبراير 1987.
504 _aيشتمل على إرجاعات ببليوجرافية.
546 _aالنص باللغة العربية
650 1 _aالتشريع الخاص بالمرور.
_2qrmak
651 1 _2qrmak
856 4 0 _uhttps://fll.law.cu.edu.eg/fulltext/bks/B10-06790.pdf
905 _a62
942 _2ddc
_n0
_cBK
_e21
999 _c69893
_d69893